| 000 | 00750nam a2200277Ia 4500 | ||
|---|---|---|---|
| 003 | OSt | ||
| 005 | 20221006144109.0 | ||
| 006 | a|||||r|||| 00| 0 | ||
| 007 | ta | ||
| 008 | 221006b |||||||| |||| 00| 0 eng d | ||
| 020 |
_a002927320x _cP19.95 |
||
| 024 | _a10,864 | ||
| 037 | _cTextual | ||
| 040 |
_aEASL _cEASL _beng |
||
| 041 |
_2eng _aeng |
||
| 082 | _aQ, M5 | ||
| 100 |
_aRULAND, S.J. Vernon _9650862 |
||
| 245 | 0 |
_aEight sacred horizons _b The religious imagination East and West |
|
| 260 |
_aNew York _bMacmillan Publishing Company _c1985 |
||
| 300 |
_a230p. _ccm. |
||
| 490 | _v Oth | ||
| 650 | _a Gen | ||
| 650 |
_aReligions _9650863 |
||
| 942 |
_hQ, M5 _cTEXL _2CC |
||
| 999 |
_c1078950 _d1078950 |
||